MARC details
| 000 -LEADER |
| campo de control de longitud fija |
01725nam a2200337 i 4500 |
| 001 - NÚMERO DE CONTROL |
| campo de control |
74339 |
| 003 - IDENTIFICADOR DE NÚMERO DE CONTROL |
| campo de control |
ES-MaACL |
| 005 - FECHA Y HORA DE LA ÚLTIMA TRANSACCIÓN |
| campo de control |
20250717063028.0 |
| 007 - CAMPO FIJO DE DESCRIPCIÓN FÍSICA--INFORMACIÓN GENERAL |
| campo de control de longitud fija |
t| |
| 008 - DATOS DE LONGITUD FIJA--INFORMACIÓN GENERAL |
| campo de control de longitud fija |
040917s1912 sp ||||1| spa d |
| 040 ## - FUENTE DE CATALOGACIÓN |
| Centro/agencia transcriptor |
ES-MaACL |
| 080 ## - NÚMERO DE LA CLASIFICACIÓN DECIMAL UNIVERSAL |
| Número de la Clasificación Decimal Universal |
339:37 |
| 100 1# - ENTRADA PRINCIPAL--NOMBRE DE PERSONA |
| Nombre de persona |
González Revilla, Leopoldo, |
| Fechas asociadas al nombre |
1858-1915 |
| Término indicativo de función/relación |
Autor |
| 9 (RLIN) |
58905 |
| 245 13 - MENCIÓN DEL TÍTULO |
| Título |
El Congreso Internacional de Enseñanza Mercantil de Viena en 1910 / |
| Mención de responsabilidad, etc. |
por el Dr. Leopoldo González Revilla |
| 260 ## - PUBLICACIÓN, DISTRIBUCIÓN, ETC. |
| Lugar de publicación, distribución, etc. |
Madrid : |
| Nombre del editor, distribuidor, etc. |
[Junta para Ampliación de Estudios e Investigaciones Científicas], |
| Fecha de publicación, distribución, etc. |
1912 |
| Fabricante |
(Imp. de Fortanet) |
| 300 ## - DESCRIPCIÓN FÍSICA |
| Extensión |
Páginas [87]-137 ; |
| Dimensiones |
24 cm. |
| 490 1# - MENCIÓN DE SERIE |
| Mención de serie |
Anales del Junta para Ampliación de Estudios e Investigaciones Científicas ; |
| Designación de volumen o secuencia |
t. 9, memoria 3 |
| 500 ## - NOTA GENERAL |
| Nota general |
Antes del texto: "Fragmento de la memoria presentada a la Junta para Ampliación de Estudios..." |
| 530 ## - NOTA DISPONIBLE DE FORMULARIO FÍSICO ADICIONAL |
| Nota de formato físico adicional disponible |
Disponible en formato digital |
| 611 24 - PUNTO DE ACCESO ADICIONAL DE MATERIA--NOMBRE DE REUNIÓN/CONGRESO |
| 9 (RLIN) |
423 |
| Nombre de congreso/reunión o jurisdicción como elemento de entrada |
Congreso Internacional de Enseñanza Mercantil |
| Número del congreso/reunión o número de parte o sección |
(9º. |
| Fecha del congreso o de la firma del tratado |
1910. |
| Sede del congreso/Lugar de la reunión |
Viena) |
| 650 #4 - PUNTO DE ACCESO ADICIONAL DE MATERIA--TÉRMINO DE MATERIA |
| Término de materia o nombre geográfico como elemento de entrada |
Comercio- |
| Subdivisión de forma |
Congresos y asambleas |
| 9 (RLIN) |
161811 |
| 710 2# - ENTRADA AGREGADA--NOMBRE DE ENTIDAD CORPORATIVA |
| Nombre de entidad corporativa o nombre de jurisdicción como elemento de entrada |
Junta para la Ampliación de Estudios e Investigaciones Científicas. |
| Término indicativo de función/relación |
Editor |
| 9 (RLIN) |
5413 |
| 711 2# - ENTRADA AGREGADA--NOMBRE DE REUNIÓN |
| Nombre de congreso/reunión o jurisdicción como elemento de entrada |
Congreso Internacional de Enseñanza Mercantil ( |
| Número del congreso/reunión o número de parte o sección |
9º. |
| Fecha del congreso o de la firma del tratado |
1910. |
| Sede del congreso/Lugar de la reunión |
Viena) |
| 9 (RLIN) |
423 |
| 830 #0 - PUNTO DE ACCESO ADICIONAL DE SERIE-TÍTULO UNIFORME |
| Título uniforme |
Anales del Junta para Ampliación de Estudios e Investigaciones Científicas ; |
| Designación de volumen o secuencia |
t. 9, memoria 3 |
| 9 (RLIN) |
231211 |
| 852 ## - LOCALIZACIÓN |
| Ubicación |
ES-MaACL |
| Ubicación en estantería |
Depósito folletos |
| Anotaciones manuscritas |
Dedicatoria autógr. del autor |
| Donativo/Legado |
Donativo de Leopoldo González Revilla |
| Número de control de estantería |
T-1325-F-4 |
| 852 ## - LOCALIZACIÓN |
| Ubicación |
ES-MaACL |
| Ubicación en estantería |
Sala Pardo Bazán |
| Número de control de estantería |
B-13165(2) |
| 856 4# - LOCALIZACIÓN Y ACCESO ELECTRÓNICOS |
| Identificador Uniforme de Recursos |
<a href="https://bdh-rd.bne.es/viewer.vm?id=0000310022&page=1">https://bdh-rd.bne.es/viewer.vm?id=0000310022&page=1</a> |
| Texto de enlace |
Versión en línea |
| Nota pública |
(Biblioteca Digital Hispánica) |
| 942 ## - ELEMENTOS DE ENTRADA SECUNDARIOS (KOHA) |
| Tipo de ítem Koha |
Libro impreso |
| Suprimir en OPAC |
No |